000 00846cab a2200253 4500
001 WB3112-16
008 090401t1995 xxu||||| |||| 00| 0 eng d
035 _a(Sirsi) u35697
041 _aeng
245 _aEqual opportunities
260 _c1995
350 _a0
490 _aNew Builder
_v(250) 17 March 1995, 4(1)
520 _aThe equal opportunities group of the Latham Review Implementation Forum claims that basic information gathering is needed to improve the record of the construction industry in representing minorities. Table of male/female breakdown in the institutions.
650 _aCONSTRUCTION INDUSTRY
650 _aEQUAL OPPORTUNITIES
650 _aLATHAM REFORMS
650 _aLATHAM REFORMS
650 _aMINORITIES
650 _aWOMEN
690 _aECONOMIC AND SOCIAL
942 _n0
948 _c04/03/1997
999 _c23349
_d23349